| 000 | 00624nam a2200217Ia 4500 | ||
|---|---|---|---|
| 003 | GCL | ||
| 008 | 140319s9999 xx 000 0 ara d | ||
| 040 |
_aGCL / _cGCL |
||
| 082 | 0 | 4 |
_a001.4 _bع م |
| 100 | 1 | _aعزيز حنا داود | |
| 245 | 1 | 0 |
_aمناهج البحث فى العلوم السلوكية / _cعزيز حنا داود |
| 700 | 1 | _aانور حسنين عبدالرحمن | |
| 700 | 1 | _aمصطفى محمد الكامل | |
| 300 | _a494 ص | ||
| 490 | _a | ||
| 650 | 0 | 4 | _aطرق البحث |
| 650 | 0 | 4 | _aالتربية |
| 650 | 0 | 4 | _aعلم النفس |
| 650 | 0 | 4 | _aالاجتماع |
| 942 |
_2ddc _cBK |
||
| 999 |
_c41629 _d41629 |
||